000 00820 a2200205 4500
001 31865
005 20260407155621.0
008 260407a1968 arg spa d
003 AR-UNSa-BCEJYS
040 _aAR-UNSa-BCEJYS
_bspa
_cAR-UNSa-BCEJYS
080 _a658.012.261
_xSuceso-nodo-red. Orientación al suceso. PERT (Técnica de Revisión y Evaluación de Proyectos)
245 1 0 _aPlanificaión de proyectos
_pmétodos PERT-ROY-CPM y derivados
264 1 _aMéxico :
_bLimusa-Wiley
_c1968
300 _a103 p.
_c27 cm.
505 _a1. Introducción - 2. Ordenación, actividades y ligaduras - 3. Soluciones y objetivos - 4. Problemas y potenciales - 5. Problemas acumulativos - 6. Problemas disyuntivos.
041 _aspa
942 _cBK
590 _aniveau_biblio:m niveau_hierar:0
100 1 _aCompanys, Ramon
999 _c2221
_d2221